Movies Quiz

Random Movies or Disney Quiz
Score 0/13 Timer 02:00
1 Play Today
% Correct
Ariel
100%
Belle
100%
Snow White
98.6%
Mulan
98.6%
Jasmine
98.5%
Aurora
97.2%
Anna and Elsa
97.2%
Moana
95.8%
Cinderella
94.4%
Pocahontas
94.4%
Rapunzel
94.4%
Tiana
88.9%
Merida
87.5%

You're not logged in!

Compare scores with friends on all Sporcle quizzes.
OR
Log In

Sporcle TV

Today on Sporcle TV


Watch our educational content, quiz creation guides, and fun videos on Sporcle TV.

Show Comments

Extras

Top Quizzes Today


Score Distribution

Paid Content

Your Account Isn't Verified!

In order to create a playlist on Sporcle, you need to verify the email address you used during registration. Go to your Sporcle Settings to finish the process.

Report this User

Report this user for behavior that violates our Community Guidelines.

Details: